| 000 | 01158nam a22002057a 4500 | ||
|---|---|---|---|
| 999 |
_c62609 _d62609 |
||
| 003 | Ge_BSU | ||
| 005 | 20241217153829.0 | ||
| 008 | 241217s1985 ge ||||| |||| 00| 0 geo d | ||
| 041 | _ageo | ||
| 080 | _a615.89(479.22) ბ-14 | ||
| 100 |
_aბაგრატიონი, დავით _922265 |
||
| 245 |
_aიადიგარ დაუდი / _cგამოსაც. მოამზადა, წინასიტყვ., გამოკვლევა, ლექსიკონი და კომენტარები დაურთო ლადო კოტეტიშვილმა. |
||
| 264 |
_aთბ. : _bსაბჭ. საქართველო, _c1985. |
||
| 300 |
_a742გვ. ; _b 22სმ. |
||
| 500 | _aწინასიტყვ. პარალ. ტექსტი რუს. | ||
| 501 | _a ლექსიკონი: გვ. 691-736. საძიებლები: გვ. 737-741 | ||
| 700 |
_aკოტეტიშვილი, ლადო _eწინასიტყვაობის ავტორი _922371 |
||
| 700 |
_aხუნდაძე, ი. _eრედაქტორი _922492 |
||
| 942 |
_2udc _cBK |
||